A Song 'of' Ice & Fire Quiz Stats

 Plays Quiz Updated Aug 27, 2015

Challenge
Share
Tweet
Score 0/18 Timer 03:00
0 Plays Today
% Correct
Brienne
95.9%
Mother
93.5%
Hand
92.7%
Children
88.2%
Master
86.7%
Rains
86.3%
Knight
83.3%
Vale
83%
Great Sept
79.7%
% Correct
Thoros
79.5%
Battle
76.9%
Fist
76.3%
Sack
73.9%
Titan
70.2%
Tower
66.2%
Horn
62.7%
Gates
60.9%
Bay
54.3%

You're not logged in!

Compare scores with friends on all Sporcle quizzes.
Join for Free
OR
Log In

You Might Also Like...

Show Comments

Extras

Top Quizzes Today


Score Distribution

Your Account Isn't Verified!

In order to create a playlist on Sporcle, you need to verify the email address you used during registration. Go to your Sporcle Settings to finish the process.

Report this User

Report this user for behavior that violates our Community Guidelines.

Details: